Koh-Lanta - Les victimes des ambassadeurs - Statistiques

Statistiques générales
  • Ce quiz a été pris 32 fois
  • Le résultat moyen est 20 sur 32
Statistiques - réponses
Saison
Candidat handicapé d'un vote/
candidat éliminé par les ambassadeurs
% Correct
Koh-Lanta : Johor (2015) Alban
89%
Koh-Lanta : Thaïlande (2016) Cassandre
89%
Koh-Lanta : Les Reliques du Destin (2026) Jonathan
89%
Koh-Lanta : Cambodge (2017) Yassin
86%
Koh-Lanta : La Légende (2021) Coumba
79%
Koh-Lanta : L'Île des Héros (2020) Delphine
75%
Koh-Lanta : Raja Ampat (2011) Maxime
75%
Koh-Lanta : La Revanche des 4 Terres (2025) Maxime
75%
Koh-Lanta : La Guerre des Chefs (2019) Frédéric
71%
Koh-Lanta : Les Armes Secrètes (2021) Frédéric
71%
Koh-Lanta : Le Combat des Héros (2018) Ludovic
71%
Koh-Lanta : Les 4 Terres (2020) Marie-France
68%
Koh-Lanta : Le Feu Sacré (2023) Quentin
68%
Koh-Lanta : Fidji (2017) Tugdual
68%
Koh-Lanta : Malaisie (2012-13) Anthony
64%
Koh-Lanta : L'Île au Trésor (2016) Jérôme
64%
Koh-Lanta : La Revanche des Héros (2012) Patricia (perd un duel contre Teheiura)
64%
Koh-Lanta : Palau (2009) Alexandre
61%
Koh-Lanta : Viêtnam (2010) Boris
61%
Koh-Lanta : La Nouvelle Édition (2014) Florence
61%
Koh-Lanta : Le Totem Maudit (2022) Setha
61%
Koh-Lanta : Palawan (2007) Érick
54%
Koh-Lanta : Caramoan (2008) Bertrand (vote annulé par son immunité)
50%
Koh-Lanta : Le Choc des Héros (2010) Gwendal Peizerat
50%
Koh-Lanta : Pacifique (2005) Sakhone
50%
Les Aventuriers de Koh-Lanta (2001) David
46%
Koh-Lanta : La Tribu Maudite (2024) Emmanuelle
46%
Koh-Lanta : Le Retour des Héros (2009) Philippe
46%
Koh-Lanta : Vanuatu (2006) Estelle
43%
Koh-Lanta : Panama (2004) Guillaume
43%
Koh-Lanta : Les Chasseurs d'Immunité (2024) Ricky
43%
Koh-Lanta : Bocas del Toro (2003) Moussa
39%
Aucun quiz correspondant
Distribution des résultats
% des personnes avec chaque résultat
Percentile par nombre de réponses
Votre historique - résultats
Vous n’avez pas pris ce quiz